000 00421nam a2200145Ia 4500
008 150509s9999 xx 000 0 und d
082 _a368.4008 STU
100 _aEckstein, Otto ed.
245 _aStudies in the economics of income maintenance
260 _aWestport:
260 _bGreenwood Press
260 _c368.400 STU
300 _axvi, 254p. :ill. ;24cm
650 _aSocial security - United States - Case studies
999 _c7136
_d7136